000 00332 a2200109 4500
001 ART_51186
005 20260410161956.0
008 260409a
245 1 0 _aLa pandemia acelera las innovaciones
100 1 _aArduino, Augusto H.L.
773 0 _tTemas de derecho comercial
_g- Año 6, N° 9 (sep. 2020)
_wREV28151
999 _c30794
_d30794